Diseño, construcción y control de obras para la estabilización de la margen izquierda del Río Savegre entre Santo Domingo y Silencio
Kaydedildi:
| Yazar: | |
|---|---|
| Diğer Yazarlar: | |
| Materyal Türü: | Kitap |
| Baskı/Yayın Bilgisi: |
San José, Costa Rica
1998
|
| Konular: | |
| Etiketler: |
Etiketle
Etiket eklenmemiş, İlk siz ekleyin!
|
MARC
| LEADER | 00000nam a2200000Ia 4500 | ||
|---|---|---|---|
| 003 | 008309 | ||
| 005 | 20231120135855.0 | ||
| 008 | 140114s1998 cr a m 000 ||s d | ||
| 040 | |c cru CEDI | ||
| 090 | |a TFG 3736 | ||
| 100 | |a Camacho Zamora, Jonnathan Bill, 1974- |9 1796 | ||
| 245 | |a Diseño, construcción y control de obras para la estabilización de la margen izquierda del Río Savegre entre Santo Domingo y Silencio | ||
| 260 | |a San José, Costa Rica |c 1998 | ||
| 300 | |a v, 81 hojas : ilustraciones (algunas a color) | ||
| 500 | |a Proyecto de graduación (licenciatura en ingeniería civil)--Universidad de Costa Rica. Facultad de Ingeniería. Escuela de Ingeniería Civil | ||
| 501 | |a Director del Proyecto de Graduación: Ing. Rafael Oreamuno Vega | ||
| 650 | |x ESPOLONES |x CAMINOS - MANTENIMIENTO Y REPARACION - COSTA RICA |9 9335 | ||
| 700 | |a Oreamuno Vega, Rafael Alfredo, 1956- |d Director del TFG |9 158 | ||
| 942 | |c TFG |h TFG 3736 |i 008309 |6 TFG_3736_008309000000000 | ||
| 999 | |c 18769 |d 18769 | ||
